• 首页
  • 本馆介绍
  • 公告通知
  • 最新文献
  • 馆藏检索
  • 电子资源
  • 读者导购
  • 参考咨询
  • 我的图书馆
  • 登录
  • 详细信息显示
  • 放入我的书架
  • 预约/预借图书
  • 作者相关作品
  • 分类相关作品
  • 丛书相关作品
  • 出版社相关作品

书目信息

  • 表格格式
  • 工作单格式
  • 卡片格式
题名:
蒙台梭利早期教育与教具操作
    
 
作者: 苏倩 , 吴媛媛 , 李黎娥 主编
分册:  
出版信息: 北京   航空工业出版社  2022.01
页数: 230页
开本: 26cm
丛书名: “互联网+”新形态一体化
单 册:
中图分类: G61 , G614
科图分类:
主题词: 儿童教育--er tong jiao yu--早期教育 , 学前教育--xue qian jiao yu--教具--制作
电子资源:
ISBN: 978-7-5165-2811-2
000 01253nam 2200325 450
001 012001002250
005 20141203130202.0
010    @a978-7-5165-2811-2@dCNY49.80
099    @aCAL 012022008501
100    @a20220905d2022 em y0chiy50 ea
101 0  @achi
102    @aCN@b110000
105    @aa a 001yy
106    @ar
200 1  @a蒙台梭利早期教育与教具操作@Ameng tai suo li zao qi jiao yu yu jiao ju cao zuo@f苏倩, 吴媛媛, 李黎娥主编
210    @a北京@c航空工业出版社@d2022.01
215    @a230页@c图@d26cm
225 2  @a“互联网+”新形态一体化@A“ hu lian wang +” xin xing tai yi ti hua
320    @a有书目 (第228页) 和索引
330    @a本书分理论篇和实接篇。内容包括: 蒙台梭利教育法的形成与发展 ; 蒙台梭利教育理论 ; 蒙台梭利教师角色 ; 蒙台梭利教育环境 ; 蒙台梭利教育五大领域 ; 蒙台梭利日常生活领域工作 ; 蒙台梭利感官领域工作 ; 蒙台梭利数学领域工作等。
410  0 @12001 @a“互联网+”新形态一体化
606 0  @a儿童教育@Aer tong jiao yu@x早期教育
606 0  @a学前教育@Axue qian jiao yu@x教具@x制作
690    @aG61@v5
690    @aG614@v5
701  0 @a苏倩@Asu qian@4主编
701  0 @a吴媛媛@Awu yuan yuan@4主编
701  0 @a李黎娥@Ali li e@4主编
801  0 @aCN@bAHXH@c20221111
905    @b1372492-6@dG61@e2758@f5
    
    蒙台梭利早期教育与教具操作/苏倩, 吴媛媛, 李黎娥主编.-北京:航空工业出版社,2022.01
    230页:图;26cm.-(“互联网+”新形态一体化)
    
    
    ISBN 978-7-5165-2811-2:CNY49.80
    本书分理论篇和实接篇。内容包括: 蒙台梭利教育法的形成与发展 ; 蒙台梭利教育理论 ; 蒙台梭利教师角色 ; 蒙台梭利教育环境 ; 蒙台梭利教育五大领域 ; 蒙台梭利日常生活领域工作 ; 蒙台梭利感官领域工作 ; 蒙台梭利数学领域工作等。
●
相关链接 在E读中查询图书 在五车中查询图书 在当当中查询图书 在豆瓣中查询图书


正题名:蒙台梭利早期教育与教具操作     索取号:G61/2758         预约/预借

序号 登录号 条形码 馆藏地/架位号 状态 备注
1 1372492   213724923   第一样本阅览室/ [索取号:G61/2758] 在馆    
2 1372493   213724932   教育系资料室/ [索取号:G61/2758] 在馆    
3 1372494   213724941   教育系资料室/ [索取号:G61/2758] 在馆    
4 1372495   213724950   第四借阅区/ [索取号:G61/2758] 在馆    
5 1372496   213724969   第四借阅区/ [索取号:G61/2758] 在馆    
唐山师范学院图书馆 欢迎您!
大连网信软件有限公司© 版权所有